000 00341nam a2200121Ia 4500
008 240731s9999 xx 000 0 und d
022 _a1563-5236
245 0 _aIchnos : An International Journal for Plant and Animal Traces
260 _bTaylor & Francis
856 _uhttps://www.tandfonline.com/loi/gich20
942 _2ddc
942 _cTFEJ
999 _c76920
_d76920
945 _a1
_bMadushi Gamage
_c1
_dMadushi Gamage